书目信息 |
| 题名: |
匈牙利现代史
|
|
| 作者: | 伊斯莱梁 , 涅仁斯基 著 ;黑龙江大学俄语系翻译组 译 | |
| 分册: | ||
| 出版信息: | 哈尔滨 黑龙江人民出版社 1972 |
|
| 页数: | 387页 | |
| 开本: | 19cm | |
| 丛书名: | ||
| 单 册: | ||
| 中图分类: | K515.4 | |
| 科图分类: | ||
| 主题词: | ||
| 电子资源: | ||
| ISBN: | 11093.001 | |
| 000 | 00880cam0 2200277 450 | |
| 001 | 0105510008 | |
| 005 | 20140618162526.0 | |
| 010 | @a11093.001@dCNY1.10 | |
| 091 | @a11093.001@dCNY1.10@z11093.1 | |
| 100 | @a20021005d1972 em y0chiy0110 ea | |
| 101 | 1 | @achi@crus |
| 102 | @aCN@b230000 | |
| 105 | @ay z 000yy | |
| 106 | @ar | |
| 200 | 1 | @a匈牙利现代史@9Xiong Ya Li Xian Dai Shi @e1918-1962年@f(苏)伊斯莱梁,(苏)涅仁斯基著@g黑龙江大学俄语系翻译组译@b专著 |
| 210 | @a哈尔滨@c黑龙江人民出版社@d1972 | |
| 215 | @a387页@d19cm | |
| 306 | @a内部参考 | |
| 607 | @a匈牙利@x历史 | |
| 690 | @aK515.4@v3 | |
| 701 | 1 | @a伊斯莱梁@9yi si lai liang@4著 |
| 701 | 1 | @a涅仁斯基@9nie ren si ji@4著 |
| 712 | 02 | @a黑龙江大学俄语系翻译组@9hei long jiang da xue e yu xi fan yi zu@4译 |
| 801 | 0 | @aCN@b广东省中山图书馆 |
| 801 | 2 | @aCN@bAiZhiMarc |
| 905 | @aBZT@dK515.4@e1@f1@sK515.4/1 | |
| 匈牙利现代史:1918-1962年/(苏)伊斯莱梁,(苏)涅仁斯基著/黑龙江大学俄语系翻译组译.-哈尔滨:黑龙江人民出版社,1972 |
| 387页;19cm |
| ISBN 11093.001:CNY1.10 |
| ● |
| 相关链接 |
|
|
|
正题名:匈牙利现代史
索取号:K515.4/1
 
预约/预借
| 序号 | 登录号 | 条形码 | 馆藏地/架位号 | 状态 | 备注 |
| 1 | 2000136991 | 2000136991 | 旧书回溯/ [索取号:K515.4/1] | 在馆 |